Chemical Elements with 6-Letter Names - Statistics

General Stats
  • This quiz has been taken 490 times
  • The average score is 13 of 18
Answer Stats
Answer % Correct
Carbon
90%
Helium
89%
Oxygen
89%
Silver
87%
Sodium
82%
Copper
80%
Radium
79%
Sulfur
76%
Iodine
73%
Nickel
72%
Barium
69%
Cobalt
68%
Indium
61%
Curium
58%
Cesium
57%
Cerium
55%
Erbium
55%
Osmium
54%
No matching quizzes found
Score Distribution
Percent of People with Each Score
Percentile by Number Answered
Your Score History
You have not taken this quiz